Normal view
MARC view
Entry Nombre corporativo
001 - NÚMERO DE CONTROL
- campo de control: 3789
003 - IDENTIFICADOR DE NÚMERO DE CONTROL
- campo de control: OSt
005 - FECHA Y HORA DE LA ÚLTIMA TRANSACCIÓN
- campo de control: 20221005155018.0
008 - ELEMENTOS DE DATO DE LONGITUD-FIJA
- campo de control de longitud fija: 221005|| aca||aabn | a|a d
040 ## - FUENTE DE CATALOGACIÓN
- Centro catalogador/agencia de origen: OSt
- Centro/agencia transcriptor: OSt
110 ## - ENCABEZAMIENTO-NOMBRE DE ENTIDAD CORPORATIVA
- Nombre de entidad corporativa o nombre de jurisdicción como elemento de entrada: CONSEJO ECONOMICO Y SOCIAL.
- Unidad subordinada: Comité de Empresa
- Sede del congreso/Lugar de la reunión: España
670 ## - FUENTE DE DATOS ENCONTRADOS
- Cita de la fuente: Work cat.: (OSt)2789: CONSEJO ECONOMICO Y SOCIAL. Comité de Empresa España, Documento enviado por el Comité de Empresa del CES a la Secretaría General del mismo expresando su opinión sobre el documento titulado "Criterios/propuestas para una regulación de los procesos de cobertura de vacantes y selección de personal del CES, 1996